000 00364nam a2200145Ia 4500
008 150201s2005 xx 000 0 und d
082 _a617.3
_bT2005W
100 _aWEINSTEIN,STURAT L.
245 _aTUREKS ORTHOPAEUTICS
250 _a6TH
260 _bLIPPINCOTT PUBLICATION
_aPHILADELPHIA
_c2005
300 _a1-760
650 _aPHYSIOTHERAPY
942 _2ddc
_cBK
999 _c3935
_d3935